| 000 | 00350nam a2200133Ia 4500 | ||
|---|---|---|---|
| 008 | 240624s9999 xx 000 0 und d | ||
| 041 | _aeng | ||
| 082 | _a519.5 HAR | ||
| 100 | _aHARDLE WOLFGANG | ||
| 245 | _aMULTIVARIATE STATISTICS EXERCISES AND SO | ||
| 260 |
_c2007 _aLondon _bSpringer |
||
| 300 | _axiii, : 368 : p. : cm. ; 23 | ||
| 365 |
_cERU _b26 |
||
| 999 |
_c20719 _d20719 |
||